Normal view
MARC view
- Trials (Witchcraft)
Entry Topical Term
001 - CONTROL NUMBER
- control field: 128832
003 - CONTROL NUMBER IDENTIFIER
- control field: NUST
005 - DATE AND TIME OF LATEST TRANSACTION
- control field: 20250505143619.0
008 - FIXED-LENGTH DATA ELEMENTS
- fixed length control field: 250505|| aca||aabn | a|a d
040 ## - CATALOGING SOURCE
- Original cataloging agency: NUST
- Transcribing agency: NUST
150 ## - HEADING--TOPICAL TERM
- Topical term or geographic name entry element: Trials (Witchcraft)
- Geographic subdivision: Massachusetts
- Geographic subdivision: Salem
670 ## - SOURCE DATA FOUND
- Source citation: Work cat.: (NUST)0: Francis, Richard, 1945- 128826, Judge Sewall's apology :, c2005.
